<?xml version="1.0" encoding="UTF-8"?>
<record
    xmlns:xsi="http://www.w3.org/2001/XMLSchema-instance"
    xsi:schemaLocation="http://www.loc.gov/MARC21/slim http://www.loc.gov/standards/marcxml/schema/MARC21slim.xsd"
    xmlns="http://www.loc.gov/MARC21/slim">

  <leader>04236nam a2200397 i 4500</leader>
  <controlfield tag="003">DO-SdBNP</controlfield>
  <controlfield tag="005">20241202084920.0</controlfield>
  <controlfield tag="007">ta</controlfield>
  <controlfield tag="008">241126b2022    sp ||||| |||| 00| 0 spa d</controlfield>
  <datafield tag="020" ind1=" " ind2=" ">
    <subfield code="a">9788413117362 (vol. 1)</subfield>
  </datafield>
  <datafield tag="020" ind1=" " ind2=" ">
    <subfield code="a">9788413117379 (vol. 2)</subfield>
  </datafield>
  <datafield tag="040" ind1=" " ind2=" ">
    <subfield code="a">DO-SdBNP</subfield>
    <subfield code="b">spa</subfield>
    <subfield code="c">BNPHU</subfield>
    <subfield code="e">rda</subfield>
  </datafield>
  <datafield tag="041" ind1=" " ind2=" ">
    <subfield code="a">spa</subfield>
  </datafield>
  <datafield tag="082" ind1=" " ind2="4">
    <subfield code="a">012Nebrija </subfield>
    <subfield code="b">A635n</subfield>
    <subfield code="2">22</subfield>
  </datafield>
  <datafield tag="245" ind1="0" ind2="0">
    <subfield code="a">Antonio de Nebrija V Centenario (1522-2022) </subfield>
  </datafield>
  <datafield tag="250" ind1=" " ind2=" ">
    <subfield code="a">Primera edici&#xF3;n</subfield>
  </datafield>
  <datafield tag="264" ind1=" " ind2="4">
    <subfield code="a">Madrid, Espa&#xF1;a :</subfield>
    <subfield code="b">Ediciones Universidad de Salamanca,</subfield>
    <subfield code="c">&#xA9;2022.</subfield>
  </datafield>
  <datafield tag="300" ind1=" " ind2=" ">
    <subfield code="a">2 vol&#xFA;menes :</subfield>
    <subfield code="b">ilustraciones (blanco y negro) ;</subfield>
    <subfield code="c">33 cm.</subfield>
  </datafield>
  <datafield tag="336" ind1=" " ind2=" ">
    <subfield code="a">texto</subfield>
    <subfield code="b">txt</subfield>
    <subfield code="2">rdacontent</subfield>
  </datafield>
  <datafield tag="337" ind1=" " ind2=" ">
    <subfield code="a">sin mediaci&#xF3;n</subfield>
    <subfield code="b">n</subfield>
    <subfield code="2">rdamedia</subfield>
  </datafield>
  <datafield tag="338" ind1=" " ind2=" ">
    <subfield code="a">volumen</subfield>
    <subfield code="b">nc</subfield>
    <subfield code="2">rdacarrier</subfield>
  </datafield>
  <datafield tag="490" ind1="0" ind2=" ">
    <subfield code="a">Serie conmemorativa ;</subfield>
    <subfield code="v">8</subfield>
  </datafield>
  <datafield tag="500" ind1=" " ind2=" ">
    <subfield code="a">Incluye referencias bibliogr&#xE1;ficas y notas al pie de las p&#xE1;ginas</subfield>
  </datafield>
  <datafield tag="505" ind1="2" ind2=" ">
    <subfield code="a">v.1. </subfield>
    <subfield code="t"> Nueva caracola del bibli&#xF3;filo nebrisense : repertorio bibliogr&#xE1;fico de la obra impresa y manuscrita de Antonio de Nebrija, siglos XV y XVI /</subfield>
    <subfield code="r"> Pedro Mart&#xED;n Ba&#xF1;os (984 p&#xE1;ginas) -- </subfield>
    <subfield code="t">Introducci&#xF3;n--</subfield>
    <subfield code="t">Abreviaturas y referencias bibliogr&#xE1;ficas--</subfield>
    <subfield code="g">Primera parte--</subfield>
    <subfield code="t">Los impresos--</subfield>
    <subfield code="t">Mapa-gu&#xED;a de las ediciones--</subfield>
    <subfield code="t">Repertorio cronol&#xF3;gico de las ediciones nebrisenses Siglo (XV-XVI)--</subfield>
    <subfield code="g">Segunda parte--</subfield>
    <subfield code="t">Los manuscritos--</subfield>
    <subfield code="t">Adenda. Sobre dos maculaturas nebrisenses--</subfield>
    <subfield code="t">&#xCD;ndices--</subfield>
    <subfield code="g">v.2.</subfield>
    <subfield code="t">Cultura manuscrita y cultura impresa en el entorno de Antonio de Nebrija / </subfield>
    <subfield code="r">Jacobo Sanz Hermida, Pedro Mart&#xED;n Ba&#xF1;os, editores (254 p&#xE1;ginas) </subfield>
    <subfield code="t">Padre de la lengua latina /</subfield>
    <subfield code="r">Jacobo Sanz Hermida--</subfield>
    <subfield code="t">La escritura aut&#xF3;grafa de Antonio de Nebrija: t&#xE9;cnica y evoluci&#xF3;n /</subfield>
    <subfield code="r">Elena Rodr&#xED;guez D&#xED;az--</subfield>
    <subfield code="t">El entramado editorial salmantino en el sigloXV/</subfield>
    <subfield code="r">Mar&#xED;a Eugenia L&#xF3;pez Varea--</subfield>
    <subfield code="t">Letrer&#xED;as g&#xF3;ticas, redondas y cursivas en la imprenta hispana (siglos XVy XVI) /</subfield>
    <subfield code="r">Juli&#xE1;n Mart&#xED;n Abad--</subfield>
    <subfield code="t">La tipograf&#xED;a griega en Espa&#xF1;a y Antonio de Nebrija /</subfield>
    <subfield code="r">Teresa Mart&#xED;nez Manzano--</subfield>
    <subfield code="t">Cum privilegio: Nebrija y el despertar de la con(s)ciencia de autor /</subfield>
    <subfield code="r">Inmaculada Garc&#xED;a-Cervig&#xF3;n del Rey--</subfield>
    <subfield code="t">La obra Nebrija en las prensas francesas del siglo XVI /</subfield>
    <subfield code="r">Pedro Mart&#xED;n Ba&#xF1;os--</subfield>
    <subfield code="t">Panorama de las ediciones nebrisenses impresas en Flandes durante el siglo XVI /</subfield>
    <subfield code="r">C&#xE9;sar Manrique Figueroa.</subfield>
  </datafield>
  <datafield tag="520" ind1="3" ind2=" ">
    <subfield code="a">Ediciones de la Universidad de Salamanca se ha sumado a los actos conmemorativos del V Centenario de Antonio de Nebrija (1522-2022) dando a luz dos vol&#xFA;menes de gran formato y cuidada factura que pretenden convertirse en una herramienta de obligada referencia y de investigaci&#xF3;n para todo aquel que se plantee navegar por la abundante y procelosa producci&#xF3;n del gram&#xE1;tico andaluz. Pedro Mart&#xED;n Ba&#xF1;os lleva a cabo en la Nueva Caracola del Bibli&#xF3;filo Nebrisense una concienzuda revisi&#xF3;n de la pionera y c&#xE9;lebre obra bibliogr&#xE1;fica de Antonio de Odriozola, publicada en 1946, ahora ampliada en cerca de doscientas entradas y enriquecida con la edici&#xF3;n de textos preliminares y postliminares de variado inter&#xE9;s, as&#xED; como profusamente ilustrada con portadas, dedicatorias y colofones. El segundo volumen, titulado Cultura manuscrita y cultura impresa en el entorno de Antonio de Nebrija, presenta un panorama del mundo del c&#xF3;dice manuscrito y de la imprenta material de los siglos XV y XVI, en el que han participado los especialistas Elena Rodr&#xED;guez D&#xED;az, M.&#xAA; Eugenia L&#xF3;pez Varea; Juli&#xE1;n Mart&#xED;n Abad, Teresa Mart&#xED;nez Manzano, Inmaculada Garc&#xED;a-Cervig&#xF3;n del Rey, Pedro Mart&#xED;n Ba&#xF1;os y C&#xE9;sar Manrique Figueroa. (Fuente: Ediciones Universidad de Salamanca. https://www.eusal.es/eusal/catalog/book/978-84-1311-735-5)</subfield>
  </datafield>
  <datafield tag="590" ind1=" " ind2=" ">
    <subfield code="a">Inventariado, 2024/BT</subfield>
  </datafield>
  <datafield tag="600" ind1="1" ind2="7">
    <subfield code="a">Nebrija, Antonio de </subfield>
    <subfield code="d">1444-1522 </subfield>
    <subfield code="v">Bibliograf&#xED;as </subfield>
    <subfield code="9">86844</subfield>
  </datafield>
  <datafield tag="650" ind1=" " ind2="7">
    <subfield code="a">Imprenta</subfield>
    <subfield code="z">Espa&#xF1;a</subfield>
    <subfield code="y">Siglo XV</subfield>
    <subfield code="2">LEMB</subfield>
    <subfield code="9">86845</subfield>
  </datafield>
  <datafield tag="650" ind1=" " ind2="7">
    <subfield code="a">Imprenta </subfield>
    <subfield code="z">Espa&#xF1;a</subfield>
    <subfield code="y">Siglo XVI</subfield>
    <subfield code="2">LEMB</subfield>
    <subfield code="9">86846</subfield>
  </datafield>
  <datafield tag="700" ind1="1" ind2=" ">
    <subfield code="a">Mart&#xED;n Ba&#xF1;os, Pedro,</subfield>
    <subfield code="e">autor</subfield>
    <subfield code="e">director </subfield>
    <subfield code="9">86836</subfield>
  </datafield>
  <datafield tag="700" ind1="1" ind2=" ">
    <subfield code="a">Sanz Hermida, Jacobo,   </subfield>
    <subfield code="e">editor</subfield>
    <subfield code="e">director</subfield>
    <subfield code="4">ed.</subfield>
    <subfield code="9">86835</subfield>
    <subfield code="t">Mart&#xED;n Ba&#xF1;os, Pedro $eautor $edirector de la publicaci&#xF3;n </subfield>
  </datafield>
  <datafield tag="700" ind1="1" ind2=" ">
    <subfield code="a">Mart&#xED;n Ba&#xF1;os, Pedro,</subfield>
    <subfield code="e">Nueva caracola del bibli&#xF3;filo nebrisense </subfield>
    <subfield code="9">86847</subfield>
  </datafield>
  <datafield tag="730" ind1="0" ind2="2">
    <subfield code="a">Cultura manuscrita y cultura impresa en el entorno de Antonio de Nebrija </subfield>
    <subfield code="9">86848</subfield>
  </datafield>
  <datafield tag="910" ind1=" " ind2=" ">
    <subfield code="a">Btav&#xE1;rez</subfield>
  </datafield>
  <datafield tag="942" ind1=" " ind2=" ">
    <subfield code="2">ddc</subfield>
    <subfield code="c">LBS1</subfield>
  </datafield>
  <datafield tag="952" ind1=" " ind2=" ">
    <subfield code="0">0</subfield>
    <subfield code="1">0</subfield>
    <subfield code="2">ddc</subfield>
    <subfield code="5">6</subfield>
    <subfield code="7">0</subfield>
    <subfield code="8">GR</subfield>
    <subfield code="a">BNPHU</subfield>
    <subfield code="b">BNPHU</subfield>
    <subfield code="c">HD</subfield>
    <subfield code="d">2024-11-26</subfield>
    <subfield code="e">Compra</subfield>
    <subfield code="l">0</subfield>
    <subfield code="o">BNPHU R-GR 012Nebrija A635n</subfield>
    <subfield code="p">2024-6707</subfield>
    <subfield code="r">2024-11-26</subfield>
    <subfield code="t">v.1</subfield>
    <subfield code="w">2024-11-26</subfield>
    <subfield code="y">LBS1</subfield>
  </datafield>
  <datafield tag="952" ind1=" " ind2=" ">
    <subfield code="0">0</subfield>
    <subfield code="1">0</subfield>
    <subfield code="2">ddc</subfield>
    <subfield code="5">6</subfield>
    <subfield code="7">0</subfield>
    <subfield code="8">GR</subfield>
    <subfield code="a">BNPHU</subfield>
    <subfield code="b">BNPHU</subfield>
    <subfield code="c">HD</subfield>
    <subfield code="d">2024-11-27</subfield>
    <subfield code="e">Compra</subfield>
    <subfield code="l">0</subfield>
    <subfield code="o">BNPHU R-GR 012Nebrija A635n</subfield>
    <subfield code="p">2024-6709</subfield>
    <subfield code="r">2024-11-27</subfield>
    <subfield code="t">v.2</subfield>
    <subfield code="w">2024-11-27</subfield>
    <subfield code="y">LBS1</subfield>
  </datafield>
  <datafield tag="999" ind1=" " ind2=" ">
    <subfield code="c">57951</subfield>
    <subfield code="d">57951</subfield>
  </datafield>
</record>
